000 00911nam a22002057a 4500
005 20240118121759.0
010 _aB-756938-939
020 _a9789356226869
_c2350.00 (With Return Forms For Assessement Year 2023-24)
035 _aB-756938-939
037 _aTaxmann Publication Private Limited
082 _a343.54052
245 _aIncome Tax Rules:
_cEdit by U.K. Bhargava
250 _a60th
_b2023
260 _aNew Delhi
_bTaxmann Publication Private Limited
_c2023
270 _a59/32, New Rohtak Road, Karol Bagh
_bNew Delhi
_e110005
300 _aVarious Pages.
_c24cm(Pbk)
700 _aBhargava,U.K.
_eEditor
_961014
942 _2ddc
_cEN
_e60th
_h343.54052
_mINC
999 _c200185
_d200185